| 000 | 00839cab a2200277 4500 | ||
|---|---|---|---|
| 001 | WB3410-26 | ||
| 008 | 090401t1998 xxu||||| |||| 00| 0 eng d | ||
| 035 | _a(Sirsi) u84766 | ||
| 041 | _aeng | ||
| 245 | _aHow to value paintings | ||
| 260 | _c1998 | ||
| 350 | _a0 | ||
| 490 |
_aDaily Telegraph _v9 March 1998, 18(2) |
||
| 520 | _aBoth Sotheby`s and Christie`s have announced increases in their saleroom statistics for the past year, but whether there has been a rise in values is decided by the attached Daily Telegraph Art Index. | ||
| 650 | _aART MARKET | ||
| 650 | _aAUCTION SALES | ||
| 650 | _aCHRISTIES | ||
| 650 | _aDAILY TELEGRAPH ART INDEX | ||
| 650 | _aFINE ARTS | ||
| 650 | _aPAINTINGS | ||
| 650 | _aSOTHEBYS | ||
| 650 | _aVALUES | ||
| 690 |
_aArts and antiques _96217 |
||
| 942 | _n0 | ||
| 948 | _c10/03/1998 | ||
| 999 |
_c53305 _d53305 |
||